[Event "ODJM A 2017"]
[Site "Willingen GER"]
[Date "2017.06.06"]
[Round "4"]
[White "Teschler, Ansgar"]
[Black "von Estorff, Jacob"]
[Result "0-1"]
[Termination "normal"]
[Board "33"]
[WhiteElo "1791"]
[BlackElo "1987"]
[PlyCount "70"]
[WhiteFideId "16231139"]
[BlackFideId "12974501"]
[EventCountry "GER"]
[EventRounds "9"]
[EventType "swiss"]
[EventDate "2017.06.03"]

1. d4 d5 2. c4 e6 3. Nc3 Nf6 4. cxd5 exd5 5. Bg5 Be7 6. e3 O-O 7. Bd3 c6 8. Qc2
Nbd7 9. Nge2 Re8 10. O-O Nf8 11. f3 Ng6 12. Rad1 Be6 13. e4 dxe4 14. fxe4 Ng4
15. Bxe7 Qxe7 16. Qd2 Rad8 17. h3 Nf6 18. e5 Nd5 19. Ne4 Nb4 20. Nd6 Nxd3 21.
Qxd3 Rf8 22. Nf4 Nxf4 23. Rxf4 f6 24. Rdf1 fxe5 25. dxe5 Rxf4 26. Rxf4 Bxa2 27.
Qc3 Bd5 28. Rf2 h6 29. Nf5 Qg5 30. Qc5 Bxg2 31. Ne7+ Kh8 32. Rxg2 Rd1+ 33. Kh2
Qf4+ 34. Rg3 Rd2+ 35. Kh1 Qxg3 0-1

[Event "ODJM A 2017"]
[Site "Willingen GER"]
[Date "2017.06.06"]
[Round "4"]
[White "Grunert, Wilhelm"]
[Black "Schlick, Stefan"]
[Result "1/2-1/2"]
[Termination "normal"]
[Board "34"]
[WhiteElo "1584"]
[BlackElo "2012"]
[PlyCount "119"]
[WhiteFideId "12995673"]
[BlackFideId "16211332"]
[EventCountry "GER"]
[EventRounds "9"]
[EventType "swiss"]
[EventDate "2017.06.03"]

1. e4 e5 2. Nf3 Nc6 3. Bb5 Nf6 4. O-O Nxe4 5. Re1 Nd6 6. Nxe5 Be7 7. Bxc6 dxc6
8. d4 O-O 9. Nc3 Be6 10. Bf4 Bf6 11. Qf3 Nf5 12. Rad1 Nxd4 13. Qe4 c5 14. Be3
Bf5 15. Qf4 Bxc2 16. Rd2 Re8 17. Bxd4 cxd4 18. Rxd4 Qe7 19. Nd5 Qxe5 20. Rxe5
Bxe5 21. Qd2 Bxd4 22. Nxc7 Red8 23. Nxa8 Bxf2+ 24. Qxf2 Rd1+ 25. Qf1 Kf8 26.
Nc7 Rxf1+ 27. Kxf1 Bb1 28. a3 Bd3+ 29. Kf2 Bc4 30. Ke3 Ke7 31. Kd4 Kd7 32. Kxc4
Kxc7 33. Kd5 Kd7 34. g3 f6 35. h3 g6 36. b3 h5 37. b4 g5 38. a4 Ke7 39. a5 Kd7
40. b5 Ke7 41. a6 bxa6 42. bxa6 Kd7 43. g4 h4 44. Kd4 Kd6 45. Ke4 Ke6 46. Kd4
f5 47. gxf5+ Kxf5 48. Ke3 g4 49. hxg4+ Kxg4 50. Kf2 Kf4 51. Kg2 Ke4 52. Kh3 Kd5
53. Kxh4 Kc4 54. Kg4 Kb5 55. Kf3 Kxa6 56. Ke3 Kb5 57. Kd3 Kb4 58. Kc2 Ka3 59.
Kb1 Kb3 60. Ka1 1/2-1/2

[Event "ODJM A 2017"]
[Site "Willingen GER"]
[Date "2017.06.06"]
[Round "4"]
[White "Irkilmez, Yakub"]
[Black "Hetzner, Hannes"]
[Result "1-0"]
[Termination "normal"]
[Board "35"]
[WhiteElo "1921"]
[BlackElo "1602"]
[PlyCount "83"]
[WhiteFideId "16204581"]
[BlackFideId "16211936"]
[EventCountry "GER"]
[EventRounds "9"]
[EventType "swiss"]
[EventDate "2017.06.03"]

1. d4 e6 2. Bf4 f5 3. c4 Nf6 4. Nc3 Bb4 5. e3 O-O 6. Bd3 Ne4 7. Qc2 d5 8. Nf3
Nc6 9. h3 Na5 10. Ne5 Nc6 11. O-O Bd6 12. cxd5 exd5 13. Nxd5 Bxe5 14. dxe5 Be6
15. Bxe4 Bxd5 16. Bxf5 g6 17. Be4 Bxe4 18. Qxe4 Qe7 19. Bh2 Rfe8 20. f4 Rad8
21. Rad1 Qe6 22. b3 b6 23. Bg3 Ne7 24. Bh4 Rd7 25. Rxd7 Qxd7 26. Qc4+ Kf8 27.
e4 Rd8 28. Kh2 Qd4 29. Qe6 Re8 30. Bg5 Ng8 31. Qc6 Qc5 32. Qxc5+ bxc5 33. Rc1
h6 34. Bh4 g5 35. fxg5 hxg5 36. Bg3 Ne7 37. Rxc5 c6 38. e6 Kg7 39. Rxg5+ Kf6
40. Ra5 Nc8 41. Rf5+ Ke7 42. h4 1-0

[Event "ODJM A 2017"]
[Site "Willingen GER"]
[Date "2017.06.06"]
[Round "4"]
[White "Erofeev, Anastasia"]
[Black "Kostanyan, Hakob"]
[Result "1-0"]
[Termination "normal"]
[Board "36"]
[WhiteElo "1970"]
[BlackElo "1737"]
[PlyCount "71"]
[WhiteFideId "12917915"]
[BlackFideId "12977683"]
[EventCountry "GER"]
[EventRounds "9"]
[EventType "swiss"]
[EventDate "2017.06.03"]

1. d4 Nf6 2. c4 g6 3. g3 Bg7 4. Bg2 O-O 5. Nf3 d6 6. O-O Nc6 7. Nc3 e5 8. e4
Bg4 9. dxe5 Nxe5 10. Qe2 Nfd7 11. Bf4 Nxf3+ 12. Bxf3 Bxc3 13. Bxg4 Be5 14. Be3
Nc5 15. Rad1 Qf6 16. f4 Bxb2 17. e5 Bxe5 18. Bxc5 dxc5 19. fxe5 Qg5 20. e6 f5
21. Bf3 Rae8 22. Bxb7 Qf6 23. Rd7 Re7 24. Rxe7 Qxe7 25. Rd1 f4 26. g4 Qf6 27.
Kg2 Kg7 28. Rd7+ Kh6 29. Qf3 Qb2+ 30. Kg1 Qc1+ 31. Rd1 Qxc4 32. Qh3+ Kg5 33.
Rd5+ Kf6 34. g5+ Ke7 35. Qxh7+ Kxe6 36. Qd7# 1-0

[Event "ODJM A 2017"]
[Site "Willingen GER"]
[Date "2017.06.06"]
[Round "4"]
[White "Hoppe, Nico"]
[Black "Gorainow, Nikita"]
[Result "1/2-1/2"]
[Termination "normal"]
[Board "37"]
[WhiteElo "1583"]
[BlackElo "1812"]
[PlyCount "74"]
[WhiteFideId "16225520"]
[BlackFideId "12970093"]
[EventCountry "GER"]
[EventRounds "9"]
[EventType "swiss"]
[EventDate "2017.06.03"]

1. c3 e5 2. d3 d5 3. d4 Nc6 4. dxe5 Nxe5 5. Bf4 Ng6 6. Bg3 h5 7. h3 Nf6 8. Nd2
h4 9. Bh2 Be6 10. Ngf3 Qd7 11. Nd4 Bd6 12. Bxd6 Qxd6 13. Nxe6 Qxe6 14. e3 O-O
15. Be2 c5 16. O-O Rad8 17. Nf3 Ne4 18. Qc2 Qf6 19. c4 Rfe8 20. Bd3 Ne5 21.
Nxe5 Qxe5 22. cxd5 Rxd5 23. Bxe4 Qxe4 24. Qxe4 Rxe4 25. Rfd1 Ree5 26. Kf1 Kf8
27. Ke2 Ke7 28. Rxd5 Rxd5 29. Rd1 Ke6 30. Rxd5 Kxd5 31. Kd3 b5 32. b3 g5 33. f3
f5 34. a3 a6 35. a4 Ke5 36. Kc3 Kd5 37. Kd3 Ke5 1/2-1/2

[Event "ODJM A 2017"]
[Site "Willingen GER"]
[Date "2017.06.06"]
[Round "4"]
[White "Hofmann, Marko"]
[Black "Gallasch, Robin"]
[Result "1-0"]
[Termination "normal"]
[Board "38"]
[WhiteElo "1837"]
[BlackElo "1562"]
[PlyCount "67"]
[WhiteFideId "12935875"]
[BlackFideId "16222423"]
[EventCountry "GER"]
[EventRounds "9"]
[EventType "swiss"]
[EventDate "2017.06.03"]

1. d4 Nf6 2. Nc3 d5 3. e4 dxe4 4. f3 exf3 5. Qxf3 c6 6. Be3 g6 7. h3 Bg7 8.
O-O-O Nd5 9. Bc4 Be6 10. Ne4 O-O 11. Nc5 Qc8 12. Ne2 b6 13. Nxe6 Qxe6 14. Rd3
Qd7 15. Rf1 e6 16. h4 b5 17. Bb3 a5 18. c3 Na6 19. h5 Nac7 20. Bd2 f5 21. Qh3
Nf6 22. hxg6 hxg6 23. Nf4 Qf7 24. Rg3 Ng4 25. Rh1 Qf6 26. Nd3 Kf7 27. Rxg4 fxg4
28. Qxg4 Qf5 29. Qe2 Ke7 30. Bc2 Rh8 31. Rf1 Qh5 32. g4 Qh2 33. Bg5+ Ke8 34.
Nc5 1-0

[Event "ODJM A 2017"]
[Site "Willingen GER"]
[Date "2017.06.06"]
[Round "4"]
[White "Pölt, Christoph"]
[Black "Gutschenreiter, Donato"]
[Result "1/2-1/2"]
[Termination "normal"]
[Board "39"]
[WhiteElo "1905"]
[BlackElo "1701"]
[PlyCount "120"]
[WhiteFideId "12960853"]
[BlackFideId "12975540"]
[EventCountry "GER"]
[EventRounds "9"]
[EventType "swiss"]
[EventDate "2017.06.03"]

1. d4 d5 2. c4 c6 3. Bf4 Nf6 4. e3 Bf5 5. cxd5 Qa5+ 6. Qd2 Qxd2+ 7. Nxd2 cxd5
8. Bb5+ Nc6 9. Rc1 Rc8 10. Ngf3 a6 11. Bxc6+ bxc6 12. Ne5 Bd7 13. Nb3 e6 14.
Nd3 Ne4 15. f3 Nd6 16. Bxd6 Bxd6 17. Nbc5 a5 18. O-O Ke7 19. f4 f5 20. Rc3 h6
21. g3 g5 22. Kf2 g4 23. Rh1 h5 24. h4 Rb8 25. b3 Rb6 26. Rhc1 Rc8 27. Ke2 Rc7
28. Kd1 Bc8 29. Ne5 Bxe5 30. fxe5 Bd7 31. Kc2 Ra7 32. a4 Be8 33. Kb2 Rc7 34.
Ka3 Bg6 35. Nd3 Be8 36. Rc5 Rcb7 37. Rb1 Ra7 38. Nc1 Bg6 39. Ne2 f4 40. Re1 f3
41. Nf4 Be4 42. Rf1 Rab7 43. Rc3 Bc2 44. Rxc2 Rxb3+ 45. Ka2 R3b4 46. Rc3 Rxa4+
47. Ra3 Rab4 48. Nd3 Rc4 49. Rf2 Rb5 50. Nf4 Rc1 51. Rb3 Ra1+ 52. Kxa1 Rxb3 53.
Nxh5 Rxe3 54. Nf4 Re1+ 55. Kb2 Rg1 56. h5 Rh1 57. Kc3 Kf7 58. Kd3 Ra1 59. Kc3
Rh1 60. Kd3 Ra1 1/2-1/2

[Event "ODJM A 2017"]
[Site "Willingen GER"]
[Date "2017.06.06"]
[Round "4"]
[White "Joeres, Stefan"]
[Black "Meijerink, Inken"]
[Result "1-0"]
[Termination "normal"]
[Board "40"]
[WhiteElo "1995"]
[BlackElo "1532"]
[PlyCount "80"]
[WhiteFideId "12983160"]
[BlackFideId "16225465"]
[EventCountry "GER"]
[EventRounds "9"]
[EventType "swiss"]
[EventDate "2017.06.03"]

1. e4 c5 2. Nf3 Nc6 3. d4 cxd4 4. Nxd4 e5 5. Nb5 a6 6. Nd6+ Bxd6 7. Qxd6 Qe7 8.
Qxe7+ Ngxe7 9. Be3 d5 10. f3 dxe4 11. fxe4 Nb4 12. Na3 Be6 13. c3 Nbc6 14. Be2
O-O 15. O-O Rad8 16. b3 f5 17. exf5 Rxf5 18. Rfd1 Rff8 19. Bc5 Rfe8 20. Nc4
Rxd1+ 21. Rxd1 Nd5 22. Nd6 Rb8 23. Bc4 Nce7 24. Nxb7 Rxb7 25. Bxe7 Rxe7 26.
Bxd5 Bxd5 27. Rxd5 Re6 28. Kf2 Kf7 29. Rd7+ Kf6 30. Ke3 h6 31. Ke4 g6 32. Rd5
g5 33. g4 Kg6 34. c4 h5 35. gxh5+ Kxh5 36. Rxe5 Rxe5+ 37. Kxe5 Kg4 38. c5 Kh3
39. Kf5 g4 40. c6 a5 1-0

[Event "ODJM A 2017"]
[Site "Willingen GER"]
[Date "2017.06.06"]
[Round "4"]
[White "Munkhjargal, Narmandakh"]
[Black "Askri, Samir"]
[Result "1-0"]
[Termination "normal"]
[Board "41"]
[WhiteElo "1957"]
[BlackElo "1796"]
[PlyCount "61"]
[WhiteFideId "4903382"]
[BlackFideId "12924938"]
[EventCountry "GER"]
[EventRounds "9"]
[EventType "swiss"]
[EventDate "2017.06.03"]

1. d4 Nf6 2. c4 g6 3. Nc3 Bg7 4. Nf3 O-O 5. e4 d6 6. Bd3 e5 7. dxe5 dxe5 8. Nd5
c6 9. Nxf6+ Bxf6 10. Bh6 Qa5+ 11. Bd2 Qc7 12. Qc2 a5 13. O-O Na6 14. a3 Nc5 15.
b4 Nxd3 16. Qxd3 Rd8 17. Qc3 Bg4 18. Be3 Bxf3 19. gxf3 axb4 20. axb4 Rxa1 21.
Rxa1 Bg7 22. Qc2 Qd7 23. Bb6 Re8 24. Rd1 Qe6 25. Qd3 Bf8 26. c5 f5 27. Qd7 Qxd7
28. Rxd7 Re7 29. Rd3 Kg7 30. Kf1 Kf6 31. Bd8 1-0

[Event "ODJM A 2017"]
[Site "Willingen GER"]
[Date "2017.06.06"]
[Round "4"]
[White "Baumann, Marcel"]
[Black "Göttel, Tobias"]
[Result "1/2-1/2"]
[Termination "normal"]
[Board "42"]
[WhiteElo "1712"]
[BlackElo "1976"]
[PlyCount "68"]
[WhiteFideId "12974668"]
[BlackFideId "24693316"]
[EventCountry "GER"]
[EventRounds "9"]
[EventType "swiss"]
[EventDate "2017.06.03"]

1. d4 Nf6 2. c4 g6 3. Nc3 Bg7 4. e4 d6 5. Nf3 O-O 6. Be2 Nbd7 7. h3 c5 8. d5
Ne8 9. O-O Ne5 10. Nxe5 Bxe5 11. Bh6 Ng7 12. Kh1 f5 13. exf5 Bxf5 14. Bg4 Qd7
15. Bxf5 Rxf5 16. Qd2 Rh5 17. Bf4 Bxf4 18. Qxf4 Rf8 19. Qe4 Re5 20. Qd3 Rf4 21.
Kh2 Rd4 22. Qf3 Rxc4 23. Rae1 Rb4 24. Rxe5 dxe5 25. Qe2 Qd6 26. a3 Rf4 27. Rd1
e4 28. g3 Rf5 29. Nxe4 Qc7 30. Kg2 b6 31. d6 exd6 32. Rxd6 Ne8 33. Re6 Ng7 34.
Rd6 Ne8 1/2-1/2

[Event "ODJM A 2017"]
[Site "Willingen GER"]
[Date "2017.06.06"]
[Round "4"]
[White "Wiesner, Alexander"]
[Black "Oberhofer, Marie"]
[Result "1-0"]
[Termination "normal"]
[Board "43"]
[WhiteElo "1917"]
[BlackElo "1599"]
[PlyCount "43"]
[WhiteFideId "12943991"]
[BlackFideId "12938165"]
[EventCountry "GER"]
[EventRounds "9"]
[EventType "swiss"]
[EventDate "2017.06.03"]

1. e4 c5 2. Nf3 d6 3. d4 cxd4 4. Nxd4 Nf6 5. Nc3 g6 6. Be3 Bg7 7. f3 O-O 8. Qd2
Nc6 9. g4 a6 10. O-O-O Ne5 11. h4 h5 12. gxh5 Nxh5 13. Rg1 b5 14. f4 Ng4 15. f5
Nxe3 16. Qxe3 Kh7 17. Kb1 Bh6 18. Qf3 Bd7 19. Be2 Rg8 20. e5 dxe5 21. Ne6 Qc8
22. fxg6+ 1-0

[Event "ODJM A 2017"]
[Site "Willingen GER"]
[Date "2017.06.06"]
[Round "4"]
[White "Melde, Benjamin"]
[Black "Täschner, Simon"]
[Result "0-1"]
[Termination "normal"]
[Board "44"]
[WhiteElo "1781"]
[BlackElo "1806"]
[PlyCount "132"]
[WhiteFideId "12958816"]
[BlackFideId "1270971"]
[EventCountry "GER"]
[EventRounds "9"]
[EventType "swiss"]
[EventDate "2017.06.03"]

1. Nf3 c5 2. g3 Nc6 3. Bg2 g6 4. O-O Bg7 5. d3 Nf6 6. e4 d6 7. Nc3 O-O 8. h3
Bd7 9. Nd2 a6 10. f4 Rb8 11. g4 b5 12. Ne2 Nd4 13. Ng3 Qc7 14. c3 Nc6 15. Nf3
b4 16. g5 Ne8 17. Qc2 bxc3 18. bxc3 Qa5 19. Bd2 Qa3 20. Rab1 Nc7 21. Rb3 Rxb3
22. Qxb3 Qxb3 23. axb3 Rb8 24. Rb1 a5 25. e5 a4 26. Ne4 Rxb3 27. Ra1 a3 28. Bc1
Nb5 29. Nfd2 Rxc3 30. Nxc3 Nxc3 31. Ne4 Ne2+ 32. Kf2 Nxc1 33. Rxc1 a2 34. Nc3
Nb4 35. Ke2 dxe5 36. fxe5 Bxe5 37. Nxa2 Nxa2 38. Rxc5 Bd6 39. Ra5 Nc1+ 40. Ke3
Bf5 41. Bf1 Nb3 42. Ra8+ Kg7 43. d4 Be6 44. Bg2 Bh2 45. Ra3 Bg1+ 46. Kd3 Bxd4
47. Rxb3 Bxb3 48. Kxd4 h6 49. h4 hxg5 50. hxg5 f6 51. gxf6+ exf6 52. Ke4 g5 53.
Kf5 Bc2+ 54. Kg4 Kg6 55. Bf3 f5+ 56. Kh3 Be4 57. Be2 f4 58. Bb5 Bf5+ 59. Kg2 g4
60. Bc6 Kg5 61. Bb7 g3 62. Bc6 Bg4 63. Bd5 Kh4 64. Kg1 f3 65. Kh1 f2 66. Bg2
Bf3 0-1

[Event "ODJM A 2017"]
[Site "Willingen GER"]
[Date "2017.06.06"]
[Round "4"]
[White "Brunner, Tobias"]
[Black "Wagner, Swenja"]
[Result "1-0"]
[Termination "normal"]
[Board "45"]
[WhiteElo "1841"]
[BlackElo "1779"]
[PlyCount "47"]
[WhiteFideId "12949833"]
[BlackFideId "12900494"]
[EventCountry "GER"]
[EventRounds "9"]
[EventType "swiss"]
[EventDate "2017.06.03"]

1. e4 e5 2. Nf3 Nc6 3. Bc4 Nf6 4. d3 Bc5 5. Nc3 d6 6. h3 Be6 7. Bb3 a6 8. Bg5
h6 9. Be3 Ba7 10. Qd2 Na5 11. Ne2 Nxb3 12. axb3 c6 13. Qb4 Qc7 14. Ng3 g6 15.
Bxa7 Rxa7 16. O-O Nd7 17. d4 f5 18. dxe5 dxe5 19. exf5 gxf5 20. Rae1 Rg8 21.
Nxe5 Nxe5 22. Qf4 Ra8 23. Rxe5 Kf7 24. Rxf5+ 1-0

[Event "ODJM A 2017"]
[Site "Willingen GER"]
[Date "2017.06.06"]
[Round "4"]
[White "Conte, Adrian"]
[Black "Thumm, Felix"]
[Result "0-1"]
[Termination "normal"]
[Board "46"]
[WhiteElo "1698"]
[BlackElo "1879"]
[PlyCount "60"]
[WhiteFideId "12925993"]
[BlackFideId "12902209"]
[EventCountry "GER"]
[EventRounds "9"]
[EventType "swiss"]
[EventDate "2017.06.03"]

1. e4 c5 2. c3 e6 3. d4 cxd4 4. cxd4 d5 5. e5 Nc6 6. Nf3 Qb6 7. Bd3 Bd7 8. O-O
Nxd4 9. Nxd4 Qxd4 10. Nc3 Bb4 11. Nb5 Qxe5 12. Qg4 Ba5 13. Be3 h5 14. Qh4 Bd8
15. Qb4 Be7 16. Bc5 Bxb5 17. Qxb5+ Kf8 18. Qxb7 Rb8 19. Qxa7 Rxb2 20. Bb6 Nf6
21. Rfe1 Qd6 22. Rac1 Qxb6 23. Rc8+ Ne8 24. Bb5 Qxb5 25. a4 Qb6 26. Qxb6 Rxb6
27. Ra8 g6 28. a5 Rb2 29. a6 Kg7 30. a7 Nc7 0-1

[Event "ODJM A 2017"]
[Site "Willingen GER"]
[Date "2017.06.06"]
[Round "4"]
[White "Lohrmann, Tabea"]
[Black "Engel, Robert"]
[Result "0-1"]
[Termination "normal"]
[Board "47"]
[WhiteElo "1729"]
[BlackElo "1887"]
[PlyCount "106"]
[WhiteFideId "12911941"]
[BlackFideId "12974684"]
[EventCountry "GER"]
[EventRounds "9"]
[EventType "swiss"]
[EventDate "2017.06.03"]

1. e4 c5 2. Nf3 d6 3. d4 cxd4 4. Nxd4 Nf6 5. Nc3 a6 6. f3 e5 7. Nb3 Be6 8. Be3
Nbd7 9. Qd2 b5 10. O-O-O Be7 11. g4 b4 12. Nd5 Bxd5 13. exd5 Nb6 14. Bxb6 Qxb6
15. Kb1 a5 16. Qd3 O-O 17. Qb5 Qf2 18. Be2 Rfb8 19. Qd3 Nd7 20. Rdf1 Qb6 21. f4
a4 22. Nd2 Nc5 23. Qf3 f6 24. g5 b3 25. Nc4 bxc2+ 26. Kxc2 e4 27. Qg4 Qb4 28.
Qg3 Nb7 29. h4 Na5 30. Qc3 Nxc4 31. Bxc4 Qb7 32. Rhg1 f5 33. h5 Rc8 34. h6 Rxc4
35. Qxc4 Rc8 36. Qxc8+ Qxc8+ 37. Kb1 Qb7 38. Rd1 g6 39. Rg3 Bd8 40. Rc3 Bb6 41.
Rdc1 Bc5 42. Rd1 Qb5 43. Re1 Kf7 44. b3 Ke7 45. Kc2 Kd7 46. Rc4 axb3+ 47. axb3
Qa5 48. Rb1 e3 49. Rc3 Bd4 50. Rd3 Qa2+ 51. Kc1 e2 52. Rxd4 e1=Q+ 53. Rd1 Qc3#
0-1

[Event "ODJM A 2017"]
[Site "Willingen GER"]
[Date "2017.06.06"]
[Round "4"]
[White "Fuhrmann, Åke"]
[Black "Thumm, Niklas"]
[Result "1/2-1/2"]
[Termination "normal"]
[Board "48"]
[WhiteElo "1793"]
[BlackElo "1772"]
[PlyCount "53"]
[WhiteFideId "12983853"]
[BlackFideId "12918733"]
[EventCountry "GER"]
[EventRounds "9"]
[EventType "swiss"]
[EventDate "2017.06.03"]

1. c4 e5 2. g3 Nf6 3. Bg2 d5 4. cxd5 Nxd5 5. Nc3 Nb6 6. Nf3 Nc6 7. O-O Be7 8.
d3 O-O 9. Bd2 Re8 10. Rc1 Be6 11. a3 Nd4 12. Nxd4 exd4 13. Na4 Nxa4 14. Qxa4 c6
15. Rfe1 Bf6 16. Qb4 Qd7 17. Bf4 Bg4 18. Rc2 Be5 19. Bxe5 Rxe5 20. Be4 Bf5 21.
Bxf5 Rxf5 22. Qc4 Rh5 23. e4 dxe3 24. fxe3 Qd5 25. Rd2 Rd8 26. Qb4 Qb5 27. Qxb5
1/2-1/2

[Event "ODJM A 2017"]
[Site "Willingen GER"]
[Date "2017.06.06"]
[Round "4"]
[White "Nasoyan, Maksim"]
[Black "Fromm, Johannes"]
[Result "0-1"]
[Termination "normal"]
[Board "49"]
[WhiteElo "1917"]
[BlackElo "1636"]
[PlyCount "47"]
[WhiteFideId "16220331"]
[BlackFideId "12993204"]
[EventCountry "GER"]
[EventRounds "9"]
[EventType "swiss"]
[EventDate "2017.06.03"]

1. e4 c5 2. Nf3 d6 3. Bb5+ Nd7 4. O-O a6 5. Bd3 Ngf6 6. c3 g6 7. Bc2 e5 8. d3
Bg7 9. h3 O-O 10. Nh2 b5 11. Bg5 Bb7 12. Ng4 Qc7 13. Nh6+ Kh8 14. f4 d5 15.
fxe5 Qxe5 16. Bf4 Qe6 17. e5 Nh5 18. Bg5 Nxe5 19. Nd2 f6 20. Be3 d4 21. Bb3 Qc6
22. Nf3 dxe3 23. Qe2 Nxf3+ 24. Qxf3 0-1

[Event "ODJM A 2017"]
[Site "Willingen GER"]
[Date "2017.06.06"]
[Round "4"]
[White "Schneider, Edward"]
[Black "Greßmann, Hanna"]
[Result "0-1"]
[Termination "normal"]
[Board "50"]
[WhiteElo "1675"]
[BlackElo "1840"]
[PlyCount "68"]
[WhiteFideId "16200870"]
[BlackFideId "12930709"]
[EventCountry "GER"]
[EventRounds "9"]
[EventType "swiss"]
[EventDate "2017.06.03"]

1. e4 e5 2. Nf3 Nc6 3. Bc4 Bc5 4. c3 Nf6 5. d4 exd4 6. cxd4 Bb4+ 7. Kf1 O-O 8.
e5 Ne4 9. Bd5 d6 10. Bxe4 dxe5 11. Bxc6 bxc6 12. Bd2 c5 13. Bxb4 cxb4 14. Nxe5
c5 15. Nf3 Qd5 16. a3 Re8 17. h3 Ba6+ 18. Kg1 Be2 19. Qc2 Bxf3 20. gxf3 Re1+
21. Kh2 Rxh1+ 22. Kxh1 Qxf3+ 23. Kg1 Re8 24. Nd2 Qxh3 25. Qb3 Qg4+ 26. Qg3 Qxd4
27. Nf3 Qxb2 28. Re1 Rxe1+ 29. Nxe1 bxa3 30. Qd6 g6 31. Nd3 Qb1+ 32. Kg2 a2 33.
Qd8+ Kg7 34. Nf4 Qe4+ 0-1

[Event "ODJM A 2017"]
[Site "Willingen GER"]
[Date "2017.06.06"]
[Round "4"]
[White "Straßburg, Robin"]
[Black "Bethke, Robert"]
[Result "1-0"]
[Termination "normal"]
[Board "51"]
[WhiteElo "1673"]
[BlackElo "1864"]
[PlyCount "41"]
[WhiteFideId "16210018"]
[BlackFideId "12959251"]
[EventCountry "GER"]
[EventRounds "9"]
[EventType "swiss"]
[EventDate "2017.06.03"]

1. d4 d5 2. Nf3 Nf6 3. e3 e6 4. Bd3 c5 5. c3 Bd6 6. Nbd2 O-O 7. O-O Nc6 8. Qe2
cxd4 9. exd4 Qc7 10. Re1 Re8 11. Ne5 Nd7 12. Bxh7+ Kh8 13. Nxf7+ Kxh7 14. Nxd6
Rf8 15. Nxc8 Raxc8 16. Qxe6 Nf6 17. Nf3 Ne4 18. Ng5+ Nxg5 19. Bxg5 Rh8 20. Re3
Nxd4 21. Rh3# 1-0

[Event "ODJM A 2017"]
[Site "Willingen GER"]
[Date "2017.06.06"]
[Round "4"]
[White "Zha, Kevin"]
[Black "Petersen, Finn Christopher"]
[Result "0-1"]
[Termination "normal"]
[Board "53"]
[WhiteElo "1591"]
[BlackElo "1720"]
[PlyCount "138"]
[WhiteFideId "16208951"]
[BlackFideId "12964840"]
[EventCountry "GER"]
[EventRounds "9"]
[EventType "swiss"]
[EventDate "2017.06.03"]

1. e4 e5 2. Nf3 Nc6 3. d4 exd4 4. Nxd4 Nf6 5. Nc3 Bb4 6. Nxc6 bxc6 7. Bd3 O-O
8. O-O d5 9. exd5 cxd5 10. Bg5 c6 11. a3 Be7 12. Re1 Be6 13. Bf4 Re8 14. h3 Bd6
15. Qf3 Rb8 16. Rab1 Bxf4 17. Qxf4 Nh5 18. Qf3 Qg5 19. Ne2 c5 20. b3 a5 21. a4
Rb4 22. c4 Nf6 23. Qf4 Qxf4 24. Nxf4 d4 25. Nxe6 fxe6 26. Re5 Nd7 27. Ree1 g6
28. g4 Kf7 29. Kg2 Kf6 30. h4 Rbb8 31. Re2 Re7 32. Kg3 Rbe8 33. Rbe1 Nb8 34.
Re5 Nd7 35. R5e2 e5 36. g5+ Ke6 37. f4 Kd6 38. f5 gxf5 39. Bxf5 Nb8 40. h5 Nc6
41. g6 hxg6 42. hxg6 Nb4 43. Rh1 d3 44. Rg2 e4 45. Kf4 e3 46. g7 Rg8 47. Rh8 e2
48. Rxg8 e1=Q 49. Rd8+ Kc7 50. Rc8+ Kb7 51. g8=Q Qf1+ 52. Kg3 Re3+ 53. Kh4 Qh1+
54. Kg5 Qxg2+ 55. Kf6 Qxg8 56. Rxg8 d2 57. Bg4 Rg3 58. Rg7+ Kb6 59. Rd7 Rxg4
60. Rxd2 Rg3 61. Rb2 Kc6 62. Rb1 Kd6 63. Rd1+ Rd3 64. Rb1 Nc2 65. Kf5 Rxb3 66.
Rxb3 Nd4+ 67. Ke4 Nxb3 68. Kd3 Ke5 69. Kc3 Nd4 0-1

[Event "ODJM A 2017"]
[Site "Willingen GER"]
[Date "2017.06.06"]
[Round "4"]
[White "Rohde, Niclas"]
[Black "Herbrig, Marie-Helén"]
[Result "1/2-1/2"]
[Termination "normal"]
[Board "54"]
[WhiteElo "1587"]
[BlackElo "1884"]
[PlyCount "164"]
[WhiteFideId "16230205"]
[BlackFideId "12900427"]
[EventCountry "GER"]
[EventRounds "9"]
[EventType "swiss"]
[EventDate "2017.06.03"]

1. Nf3 Nf6 2. g3 c5 3. Bg2 Nc6 4. O-O g6 5. d3 Bg7 6. e4 d6 7. Nh4 O-O 8. f4
Qc7 9. f5 b5 10. g4 Nd7 11. Nf3 a5 12. Qe1 Nb4 13. Qe2 Bb7 14. a3 Nc6 15. Nc3
b4 16. Nd5 Qd8 17. h4 e6 18. Ne3 exf5 19. gxf5 Nd4 20. Qf2 Bf6 21. h5 gxh5 22.
Qg3+ Kh8 23. Qxd6 Ra6 24. Qh2 Ne2+ 25. Kf2 Nxc1 26. Raxc1 Bxb2 27. Rb1 bxa3 28.
Qxh5 Qf6 29. Rh1 Qg7 30. Rbg1 Nf6 31. Qh4 a2 32. Bh3 Qxg1+ 33. Rxg1 a1=Q 34.
Rxa1 Bxa1 35. e5 Bxf3 36. Kxf3 Bxe5 37. Qc4 Raa8 38. Qxc5 Nd7 39. Qd5 Ra7 40.
f6 Bxf6 41. Bxd7 Rd8 42. Qf5 Bg7 43. Ba4 Ra6 44. Nd5 h6 45. Ke2 Re6+ 46. Ne3
Bd4 47. Qxa5 Rxe3+ 48. Kd2 Rg8 49. Qd5 Rg4 50. c3 Bb6 51. c4 Rgg3 52. Kc3 Rxd3+
53. Qxd3 Rxd3+ 54. Kxd3 Kg7 55. Ke2 f5 56. Kf3 Kg6 57. Bc2 Kg5 58. Bd3 Bc7 59.
Be2 Kf6 60. Kg2 Ke5 61. Bf3 Kf4 62. Bh5 Ke3 63. Bf3 Bd6 64. Bh5 Kd3 65. Kf3
Kxc4 66. Bg6 f4 67. Bf5 Kd4 68. Bc8 Kd3 69. Bb7 Kd2 70. Kf2 Bc5+ 71. Kf3 Be3
72. Kg2 Ke2 73. Bc6 Bd2 74. Kg1 h5 75. Kg2 h4 76. Kg1 Be1 77. Kg2 Bg3 78. Bb7
Ke3 79. Bc6 Kd4 80. Bb7 Ke5 81. Bc6 Kf6 82. Bb7 Kg5 1/2-1/2

[Event "ODJM A 2017"]
[Site "Willingen GER"]
[Date "2017.06.06"]
[Round "4"]
[White "Schumann, Oliver"]
[Black "Rupp, Andreas"]
[Result "1-0"]
[Termination "normal"]
[Board "55"]
[WhiteElo "1875"]
[BlackElo "1672"]
[PlyCount "45"]
[WhiteFideId "1270397"]
[BlackFideId "16225503"]
[EventCountry "GER"]
[EventRounds "9"]
[EventType "swiss"]
[EventDate "2017.06.03"]

1. e4 e5 2. Nf3 Nc6 3. Bb5 a6 4. Ba4 d6 5. d4 b5 6. Bb3 exd4 7. Bd5 Bb7 8. Nxd4
Nge7 9. Bg5 f6 10. Bxf6 gxf6 11. Qh5+ Ng6 12. Nxc6 Qd7 13. Nd4 c5 14. Ne6 Bg7
15. O-O Bxd5 16. Qxd5 Ra7 17. Nc3 Bh6 18. f4 Ke7 19. f5 Ne5 20. Qd1 Be3+ 21.
Kh1 Bg5 22. Nd5+ Ke8 23. h4 1-0

[Event "ODJM A 2017"]
[Site "Willingen GER"]
[Date "2017.06.06"]
[Round "4"]
[White "Behringer, Tom"]
[Black "Arnold, Leander"]
[Result "0-1"]
[Termination "normal"]
[Board "56"]
[WhiteElo "1840"]
[BlackElo "1625"]
[PlyCount "74"]
[WhiteFideId "16203496"]
[BlackFideId "12990230"]
[EventCountry "GER"]
[EventRounds "9"]
[EventType "swiss"]
[EventDate "2017.06.03"]

1. d4 Nf6 2. Bg5 g6 3. Bxf6 exf6 4. e4 Bg7 5. Nc3 O-O 6. Qd2 d6 7. Bc4 f5 8. f3
c6 9. O-O-O b5 10. Bb3 a5 11. a4 b4 12. Nce2 Qf6 13. c3 Na6 14. Nf4 Rb8 15. c4
g5 16. Nh5 Qg6 17. Nxg7 Kxg7 18. e5 h6 19. exd6 Qxd6 20. Nh3 Qf6 21. f4 g4 22.
Nf2 Rd8 23. Rhe1 Nc5 24. Kc2 Ne6 25. d5 cxd5 26. cxd5 Nc5 27. Qe3 Ba6 28. Kb1
Rbc8 29. Rc1 Re8 30. Qg3 Rxe1 31. Rxe1 Nxb3 32. Qxb3 Qd4 33. Qg3 Qd2 34. Qe3
Qc2+ 35. Ka1 Qxa4+ 36. Kb1 b3 37. Qe5+ Kg8 0-1